| 000 | 00948nam a2200265 a 4500 | ||
|---|---|---|---|
| 001 | 000041739 | ||
| 005 | 20240529124643.0 | ||
| 008 | 131016s1988 bl ac 000 0 spa d | ||
| 020 | _a8570280076 | ||
| 040 |
_aDO-SdBNP _bpol _cBNPHU |
||
| 082 |
_aB869.3 _bA553m |
||
| 100 | 1 |
_aAndrade, Mário de _968581 |
|
| 245 | 1 | 0 |
_aMacunaíma : _bo herói sem nenhum caráter / _cMário de Andrade. |
| 250 | _aEd. crítica Telê Porto Ancona Lopez | ||
| 260 |
_aFlorianópolis : _bUFSC, _c1988. |
||
| 300 |
_alii, 480 p. : _bil., retrs. ; _c23 cm. |
||
| 490 | 1 |
_aArquivos _v6 |
|
| 500 | _aincluye referencias bibliográficas y notas al pie de las páginas | ||
| 600 | 1 | 4 |
_aANDRADE, MARIO, _d1893-1945 _xCRÍTICA E INTERPRETACIÓN _tMACUNAÍMA _968582 |
| 650 | 0 |
_aNovela brasileña _913650 |
|
| 650 | 4 |
_aLiteratura brasileña _9823 |
|
| 700 | 1 | 2 |
_aAncona Lopez, Telê Porto _968583 |
| 830 | 0 |
_aArquivos _v6 _968584 |
|
| 910 | _aValidado. Control de calidad MFF | ||
| 999 |
_c41228 _d41228 |
||